000 00345nam a2200121Ia 4500
003 GCL
008 140319s9999 xx 000 0 ara d
040 _aGCL /
_cGCL
082 0 4 _a296.6
_bم ص
245 1 0 _aالصهيونية فى الستينات : الفاتيكان واليهود
300 _a313 ص
490 _aمن الشرق والغرب
_v0
999 _c39833
_d39833